00524nam a2200145Ia 4500008004100000020002200041082001800063100002200081245007700103260003500180300001000215942001200225999001900237952012200256210430s9999 xx 000 0 und d a978-81-7329-993-6 a333.79 R393 R aV.K.Vijay 954297 aRenewable Energy and Environment for Sustainable DevelopmentcV.K.Vijay  aIndiabNarosa Publishingc2009 a1219p cBK2ddc c564795d564795 001040708NFICaSCMEbSCMEcGENd0000-00-00l1m1o333.79 R393 RpSCME-4016r2026-03-03s2026-01-28w2021-04-30yBK